| 000 | 00576nam a2200193Ii 4500 | ||
|---|---|---|---|
| 003 | JO-AjNU | ||
| 008 | 230606s9999||||xx |||||||||||||| ||und|| | ||
| 040 |
_aJO-AjNU _beng _erda _cJO-AjNU |
||
| 041 | _aeng | ||
| 050 | 1 | 4 | _aBP75.G8213 2000 |
| 100 | 3 |
_aGulen, Fethullah, _eauthor _95346 |
|
| 245 | 0 | 0 | _aProphet Muhammad: Aspects of his Life vol.2 |
| 264 | 3 | 1 | _aVirginia: The Fountain,2000 |
| 300 | _avolume2, 270p | ||
| 336 |
_atext _btxt _2rdacontent |
||
| 337 |
_aunmediated _bn _2rdamedia |
||
| 338 |
_avolume _bnc _2rdacarrier |
||
| 650 | 4 |
_aBiography of the Prophet _95347 |
|
| 999 |
_aE2761 _c2759 _d2759 |
||